000 00530nam a2200205 i 4500
001 bg
100 1 _aAINSBURY, Robert D.
245 0 _aSekrety DOS 6.
_nT. 1 /
_cRobert D. Ainsbury ; [tł. z ang. BT TECHTEX].
260 _aPruszków :
_bWibet, Rachocki,
_c1993.
300 _a556 s. :
_bil. ;
_c24 cm.
650 9 _aDOS
655 _aPodręczniki
020 _a838551919X
040 _cBPK
041 _apol
080 _a004.451(07)
920 _a83-85519-19-X
942 _cKS
008 s pl f |000 0 pol
999 _c6276
_d6276
856 _uhttp://koha.tu.koszalin.pl/cgi-bin/koha/opac-detail.pl?biblionumber=6276
_yKatalog online BPK